[Event "St Chely d'Aubrac op 9th"]
[Site "St Chely d'Aubrac"]
[Date "2009.07.14"]
[Round "5"]
[White "Hug, Timothee"]
[Black "Kiecken, Jean Marc"]
[Result "1-0"]
[WhiteElo "1590"]
[BlackElo "2006"]
[PlyCount "73"]
[EventDate "2009.07.11"]
[EventType "swiss"]
[EventRounds "9"]
[EventCountry "FRA"]
[SourceTitle "EXT 2010"]
[Source "ChessBase"]
[SourceDate "2010.11.25"]
[SourceVersion "1"]
[SourceVersionDate "2010.11.25"]
[SourceQuality "1"]

1. e4 e6 2. d4 d5 3. Nd2 dxe4 4. Nxe4 Nd7 5. Nf3 Ngf6 6. Bg5 Be7 7. Bxf6 Nxf6 8. Bd3 0-0 9. c3 Nd5 10. Qd2 h6 11. h4 f5 12. Ng3 Bd6 13. Ne5 c5 14. Ng6 Rf6 15. h5 cxd4 16. Bc4 dxc3 17. bxc3 Nb6 18. Bb3 Qc7 19. Rd1 Bf8 20. Qd8 Qxd8 21. Rxd8 Bd7 22. Rxa8 Nxa8 23. Rh4 Be8 24. Rd4 Bxg6 25. hxg6 Rxg6 26. Nxf5 Kh7 27. Rd8 exf5 28. Rxf8 Nc7 29. Bg8+ Kh8 30. Bf7+ Kh7 31. Bxg6+ Kxg6 32. Rb8 Nb5 33. Rxb7 Nxc3 34. Rxa7 Kf6 35. a4 g5 36. a5 Nb5 37. Rb7 1-0

[Event "St Chely d'Aubrac op 9th"]
[Site "St Chely d'Aubrac"]
[Date "2009.07.13"]
[Round "3"]
[White "Devoille, Hugo"]
[Black "Kiecken, Jean Marc"]
[Result "0-1"]
[WhiteElo "1685"]
[BlackElo "2006"]
[PlyCount "60"]
[EventDate "2009.07.11"]
[EventType "swiss"]
[EventRounds "9"]
[EventCountry "FRA"]
[SourceTitle "EXT 2010"]
[Source "ChessBase"]
[SourceDate "2010.11.25"]
[SourceVersion "1"]
[SourceVersionDate "2010.11.25"]
[SourceQuality "1"]

1. e4 e6 2. d4 d5 3. Nd2 c5 4. exd5 Qxd5 5. Ngf3 cxd4 6. Bc4 Qc5 7. 0-0 Nf6 8. Qe2 Nc6 9. Rd1 Be7 10. Nb3 Qb6 11. Nfxd4 Nxd4 12. Nxd4 0-0 13. Bb3 Bc5 14. c3 Bd7 15. Bc2 Rfe8 16. Bg5 e5 17. Nb3 Bg4 18. Qe1 Bxd1 19. Rxd1 Bf8 20. Bxf6 Qxf6 21. Qe4 Qg6 22. Qxg6 hxg6 23. Be4 Rad8 24. Rc1 b6 25. Kf1 Bc5 26. Nxc5 bxc5 27. Ke2 Rd6 28. Bd3 Red8 29. Bc4 Rd2+ 30. Ke3 Rxb2 0-1

[Event "St Chely d'Aubrac op 8th"]
[Site "St Chely d'Aubrac"]
[Date "2008.07.15"]
[Round "4"]
[White "Stepenko, Roman"]
[Black "Kiecken, Jean Marc"]
[Result "1-0"]
[WhiteElo "1580"]
[BlackElo "1978"]
[PlyCount "69"]
[EventDate "2008.07.13"]
[EventType "swiss"]
[EventRounds "9"]
[EventCountry "FRA"]
[SourceTitle "CBM 125 Extra"]
[Source "ChessBase"]
[SourceDate "2008.09.01"]
[SourceVersion "1"]
[SourceVersionDate "2008.09.01"]
[SourceQuality "1"]

1. e4 Nf6 2. e5 Nd5 3. d4 d6 4. c4 Nb6 5. exd6 exd6 6. Nf3 Bg4 7. Be2 Be7 8. Nc3 0-0 9. 0-0 Nc6 10. d5 Bxf3 11. Bxf3 Ne5 12. b3 Bf6 13. Bb2 Qd7 14. Rb1 a5 15. Ne4 Nxf3+ 16. Qxf3 Bxb2 17. Rxb2 a4 18. Qg3 Qf5 19. Re2 axb3 20. Qxb3 Ra5 21. Rfe1 Qf4 22. h3 f5 23. Nd2 Rfa8 24. g3 Qd4 25. Nf3 Qf6 26. Re6 Qd8 27. Nh4 g6 28. Nxg6 hxg6 29. Rxg6+ Kf7 30. Ree6 Rxa2 31. Qc3 Qh8 32. Rgf6+ Kg8 33. Rf8+ Kxf8 34. Qxh8+ Kf7 35. Qh7+ 1-0

[Event "St Chely d'Aubrac op 8th"]
[Site "St Chely d'Aubrac"]
[Date "2008.07.14"]
[Round "3"]
[White "Kiecken, Jean Marc"]
[Black "Griggio, Julie"]
[Result "1-0"]
[WhiteElo "1978"]
[BlackElo "1760"]
[PlyCount "75"]
[EventDate "2008.07.13"]
[EventType "swiss"]
[EventRounds "9"]
[EventCountry "FRA"]
[SourceTitle "CBM 125 Extra"]
[Source "ChessBase"]
[SourceDate "2008.09.01"]
[SourceVersion "1"]
[SourceVersionDate "2008.09.01"]
[SourceQuality "1"]

1. b4 e5 2. Bb2 Bxb4 3. Bxe5 Nf6 4. a3 d6 5. Bb2 Ba5 6. e3 Be6 7. c4 Nbd7 8. Nf3 Nb6 9. Be2 Nxc4 10. Bxc4 Bxc4 11. Qa4+ b5 12. Qxa5 Ne4 13. d4 0-0 14. Nbd2 Nxd2 15. Nxd2 Bd3 16. Qc3 Bf5 17. 0-0 Qg5 18. Nf3 Qe7 19. d5 f6 20. Qd4 g5 21. Rac1 h6 22. Rfe1 a5 23. e4 Bg6 24. h3 h5 25. Nxg5 Rac8 26. Ne6 Rf7 27. Re3 h4 28. Rf3 b4 29. axb4 axb4 30. Rf4 b3 31. Rg4 Kh7 32. Rxh4+ Kg8 33. Rc3 Rh7 34. Rxh7 Kxh7 35. Rxb3 c5 36. Qe3 c4 37. Ra3 Bh5 38. Ra7 1-0

[Event "Provence-ch Majeur op 9293"]
[Site "France"]
[Date "1992.??.??"]
[Round "7"]
[White "Orsini, Patrick"]
[Black "Kiecken, Jean Marc"]
[Result "1-0"]
[WhiteElo "1820"]
[BlackElo "1780"]
[PlyCount "97"]
[EventDate "1992.??.??"]
[EventType "swiss"]
[EventRounds "9"]
[EventCountry "FRA"]
[SourceTitle "EXT 2005"]
[Source "ChessBase"]
[SourceDate "2004.11.15"]
[SourceVersion "1"]
[SourceVersionDate "2004.11.15"]
[SourceQuality "1"]

1. e4 Nf6 2. e5 Nd5 3. d4 d6 4. Nf3 g6 5. c4 Nb6 6. Nc3 Bg7 7. exd6 cxd6 8. Bd3 Nc6 9. d5 Nb4 10. h3 Nxd3+ 11. Qxd3 Bf5 12. Qe2 0-0 13. Be3 Qc7 14. Nd2 Rfc8 15. Nb5 Qd8 16. Nd4 Bd7 17. 0-0 Rc7 18. b3 Qc8 19. Rad1 e5 20. dxe6 Bxe6 21. N2f3 d5 22. Ng5 dxc4 23. Ndxe6 fxe6 24. Bxb6 axb6 25. bxc4 e5 26. Qe4 Qf5 27. Qd5+ Kh8 28. Ne6 Rf7 29. Rd2 h5 30. Nxg7 Kxg7 31. Re1 Ra5 32. Qd8 Rc5 33. Qxb6 Rxc4 34. Rde2 Rc2 35. Qb5 Rxe2 36. Qxe2 Kh7 37. Qb2 Re7 38. Qb4 Qf6 39. f4 e4 40. Rxe4 Qa1+ 41. Kh2 Rxe4 42. Qxe4 Qxa2 43. Qxb7+ Kh6 44. Qb5 Qf2 45. Qg5+ Kh7 46. h4 Kg7 47. f5 Qb6 48. fxg6 Qxg6 49. Kg3 1-0

[Event "Provence-ch Majeur op 9293"]
[Site "France"]
[Date "1992.??.??"]
[Round "1"]
[White "Rotsaert, Jean Louis"]
[Black "Kiecken, Jean Marc"]
[Result "1-0"]
[WhiteElo "2000"]
[BlackElo "1780"]
[PlyCount "75"]
[EventDate "1992.??.??"]
[EventType "swiss"]
[EventRounds "9"]
[EventCountry "FRA"]
[SourceTitle "EXT 2005"]
[Source "ChessBase"]
[SourceDate "2004.11.15"]
[SourceVersion "1"]
[SourceVersionDate "2004.11.15"]
[SourceQuality "1"]

1. e4 e6 2. d4 d5 3. Nd2 Nf6 4. e5 Nfd7 5. c3 c5 6. Bd3 Nc6 7. Ne2 Qb6 8. Nf3 cxd4 9. cxd4 f6 10. exf6 Nxf6 11. 0-0 Bd6 12. Nc3 0-0 13. Be3 Bd7 14. a3 Rae8 15. h3 a6 16. b4 Na7 17. Ne5 Qc7 18. Rc1 Qb8 19. Qc2 Bb5 20. Nxb5 Nxb5 21. Qb2 Rc8 22. a4 Na7 23. b5 axb5 24. axb5 Rxc1 25. Rxc1 Rc8 26. Ra1 Rd8 27. Bg5 Nc8 28. Bxf6 gxf6 29. Ng4 f5 30. Qd2 Bf4 31. Ne3 Nd6 32. Qe2 Ne4 33. Nf1 Rd7 34. f3 Ng5 35. h4 Nh3+ 36. gxh3 Rg7+ 37. Kh1 Qe8 38. Bxf5 1-0

[Event "Provence-chB"]
[Site "Provence"]
[Date "1990.??.??"]
[Round "4"]
[White "Kiecken, Jean Marc"]
[Black "Vallette, Patrick"]
[Result "1-0"]
[WhiteElo "1830"]
[BlackElo "1840"]
[PlyCount "87"]
[EventDate "1990.??.??"]
[EventType "swiss"]
[EventRounds "7"]
[EventCountry "FRA"]
[SourceTitle "EXT 2005"]
[Source "ChessBase"]
[SourceDate "2004.11.15"]
[SourceVersion "1"]
[SourceVersionDate "2004.11.15"]
[SourceQuality "1"]

1. c4 e5 2. Nc3 Nf6 3. g3 d5 4. cxd5 Nxd5 5. Bg2 Be6 6. Nf3 Nc6 7. 0-0 Qd7 8. Ng5 0-0-0 9. Nxe6 fxe6 10. Qa4 Bc5 11. Ne4 Bb6 12. d3 h6 13. Bd2 Kb8 14. a3 Nd4 15. Qd1 Rdf8 16. b4 Qe7 17. Rb1 Nf6 18. a4 a6 19. b5 axb5 20. axb5 Nd5 21. e3 Nf5 22. Qa4 Nd6 23. Ra1 Kc8 24. Rac1 Kd7 25. Nc5+ Ke8 26. Bh3 Bxc5 27. Rxc5 Nf5 28. Rc2 Nb6 29. Qa7 Nd6 30. Qb8+ Kf7 31. Qxc7 Rc8 32. Qxe7+ Kxe7 33. Rfc1 Kf6 34. Rxc8 Rxc8 35. Rxc8 Nbxc8 36. Bg2 Na7 37. b6 Nac8 38. Bb4 Ke7 39. Bxb7 Nxb6 40. Bc6 Nd5 41. Ba3 Nb6 42. Bb2 Nf7 43. f4 Kd6 44. Be8 1-0

[Event "Provence-chB"]
[Site "Provence"]
[Date "1990.??.??"]
[Round "1"]
[White "Madranges, Jean"]
[Black "Kiecken, Jean Marc"]
[Result "1/2-1/2"]
[WhiteElo "1780"]
[BlackElo "1830"]
[PlyCount "97"]
[EventDate "1990.??.??"]
[EventType "swiss"]
[EventRounds "7"]
[EventCountry "FRA"]
[SourceTitle "EXT 2005"]
[Source "ChessBase"]
[SourceDate "2004.11.15"]
[SourceVersion "1"]
[SourceVersionDate "2004.11.15"]
[SourceQuality "1"]

1. c4 c5 2. Nf3 Nf6 3. Nc3 d5 4. cxd5 Nxd5 5. e4 Nc7 6. Bc4 Nc6 7. 0-0 e5 8. d3 Be6 9. Ng5 Qd7 10. Bxe6 Nxe6 11. Nxe6 Qxe6 12. Nd5 0-0-0 13. Be3 Kb8 14. Qa4 f5 15. Rfc1 Nd4 16. Bxd4 exd4 17. f3 g5 18. b4 fxe4 19. fxe4 Rc8 20. bxc5 Bxc5 21. Rab1 b6 22. Rf1 Rhf8 23. Rxf8 Rxf8 24. Rf1 Rxf1+ 25. Kxf1 Qg4 26. Qe8+ Kb7 27. Qf7+ Ka6 28. Qf3 Qd7 29. Qd1 Bd6 30. h3 Qb5 31. Qc2 Kb7 32. Ke2 Qe8 33. Kf1 h5 34. Qf2 Qb5 35. Qc2 g4 36. hxg4 hxg4 37. Qb3 Qa5 38. Nf6 Bg3 39. Qd5+ Qxd5 40. Nxd5 Be5 41. Ke2 b5 42. Kd2 a5 43. Kc2 a4 44. Ne7 b4 45. Nd5 Bd6 46. Nf6 g3 47. Nd5 Kc6 48. Kb2 Kb5 49. Kc2 1/2-1/2